000 00534nam a2200181Ia 4500
003 GCL
008 140319s9999 xx 000 0 ara d
040 _aGCL /
_cGCL
082 0 4 _aق
_b962.054
_bح د
100 1 _aحلمى سلام
245 1 0 _aدقات الاجراس /
_cحلمى سلام
300 _a258 ص
490 _a
650 0 4 _aمصر - الاحوال السياسية
650 0 4 _aمصر - تاريخ - العصر الحديث (1805 - 1956 )
650 0 4 _aمصر - تاريخ - الثورات
942 _2ddc
_cBK
999 _c45509
_d45509